00723nam a2200229 a 4500001001300000003000900013005001700022008004100039020001000080082001500090100001900105245009200124260002900216300000800245500003500253650002600288700001900314902000800333942000700341952012800348999001700476nice12345678IN_TiNIC20260116014329.0070416s2002 newa grp 000 0 eng  ac45000a305.3bKAP aKapadia, Karin aViolence Developmentb The Politics of Idenity, Gender and Social Inequalities in India aNew Delhi bZuban c2002 a526 aincludes index and biblioraphy aGender Discrimination1 aKapadia, Karin bSRS cBK 001040708StackRoom-aHMIbHMId2012-09-04g450.00l2o305.3 KAPp021489r2022-11-18s2022-11-07v450.00w2007-04-16yBK c14844d14844